000 00437nam a22000977a 4500
100 _aशुक्‍ल,आचार्य रामचन्‍द्र
_968578
245 _aहिन्‍दी साहित्‍य का इतिहास
260 _aजयपुर
_bनिकिता प्रकाशन
_c2018
650 _aहिन्‍दी साहित्‍य का इतिहास
_936757
942 _cHIN
999 _c64340
_d64340